| 000 | 00717naa a22002057i 4500 | ||
|---|---|---|---|
| 001 | 232532 | ||
| 003 | ES-MaBCM | ||
| 005 | 20260302124355.0 | ||
| 008 | 260302s2026 sp ||||| |||| 00| 0 spa d | ||
| 040 | _cES-MaBCM | ||
| 100 | 1 |
_aMolins Sancho, Francisco _9131226 |
|
| 245 | 1 | 3 |
_aEl Régimen 28º y la futura sociedad EU-Inc _cFrancisco Molins Sancho |
| 504 | _aIncluye referencias bibliográficas | ||
| 650 | 7 |
_aDerecho de sociedades _958319 |
|
| 650 | 7 |
_aDerecho nacional _958340 |
|
| 650 | 7 |
_aDerecho de la UE _958300 |
|
| 650 | 0 |
_aTransposición de la legislación comunitaria _9127216 |
|
| 773 | 0 |
_dLas Rozas, Madrid _gN. 10894 (2 de marzo de 2026) - Loc. En línea _tDiario La Ley _w213918 |
|
| 942 |
_2udc _cAREV |
||
| 999 |
_c232532 _d232532 |
||